| 000 | 00789nam a2200253 a 4500 | ||
|---|---|---|---|
| 999 |
_c4596 _d4596 |
||
| 001 | 993991 | ||
| 003 | GBCCL | ||
| 005 | 20241126110522.0 | ||
| 008 | 860324s1984 nju 000 0 eng | ||
| 010 | _a 86136105 | ||
| 020 |
_a0800785924 (pbk.) : _c$3.95 |
||
| 040 |
_aDLC _cDLC _dDLC |
||
| 050 | 0 | 0 |
_aBV4811 _b.S665 1984 |
| 082 | 0 | 0 |
_a242.2 _219 _bSPU |
| 100 | 1 |
_aSpurgeon, C. H. _q(Charles Haddon), _d1834-1892. _9222 |
|
| 245 | 1 | 0 |
_aEvening by evening / _cC.H. Spurgeon ; [edited by Diana L. Matisko]. |
| 260 |
_aOld Tappan, N.J. : _bF.H. Revell Co., _cc1984. |
||
| 300 |
_a368 p. ; _c18 cm. |
||
| 490 | 0 | _aSpire books | |
| 650 | 0 |
_aDevotional calendars _xBaptists. _94934 |
|
| 700 | 1 |
_aMatisko, Diana L. _96602 |
|
| 906 |
_a7 _bcbc _corignew _d3 _encip _f19 _gy-gencatlg |
||
| 942 |
_2ddc _cBK |
||